生命如河流 (Record no. 52835)

000 -LEADER
fixed length control field 00558nam a22001937a 4500
003 - CONTROL NUMBER IDENTIFIER
control field MPLRDC
005 - DATE AND TIME OF LATEST TRANSACTION
control field 20220104152326.0
008 - FIXED-LENGTH DATA ELEMENTS--GENERAL INFORMATION
fixed length control field 210129b ||||| |||| 00| 0 eng d
020 ## - INTERNATIONAL STANDARD BOOK NUMBER
International Standard Book Number 983-2535-36-0
082 ## - DEWEY DECIMAL CLASSIFICATION NUMBER
Classification number 781.052 QYH
100 ## - MAIN ENTRY--PERSONAL NAME
Personal name 邱依虹 编
245 ## - TITLE STATEMENT
Title 生命如河流
Statement of responsibility, etc. 黎绍珍、邱依虹、林蔼云 译
250 ## - EDITION STATEMENT
Edition statement 初版
260 ## - PUBLICATION, DISTRIBUTION, ETC.
Place of publication, distribution, etc.
Name of publisher, distributor, etc. 策略咨讯研究中心
Date of publication, distribution, etc. 2004
300 ## - PHYSICAL DESCRIPTION
Other physical details
490 ## - SERIES STATEMENT
Series statement 马来西亚, 新加坡抗日, 反殖, 独立运动纪实
650 ## - SUBJECT ADDED ENTRY--TOPICAL TERM
Topical term or geographic name entry element 世界名人合传--妇女
942 ## - ADDED ENTRY ELEMENTS (KOHA)
Koha item type Book
-- 781.052 QYH
Holdings
Withdrawn status Lost status Source of classification or shelving scheme Damaged status Not for loan Collection code Home library Current library Shelving location Date acquired Cost, normal purchase price Total Checkouts Total Renewals Full call number Barcode Date last seen Date last checked out Price effective from Koha item type Public note
            Malaysian Public Library, Research and Development Centre Malaysian Public Library, Research and Development Centre   10/12/2007 25.00   1 781.052 QYH 00053016 18/03/2021 23/08/2018 18/03/2021 Book mplrdc

© 2022. Malaysian Public Library, Research and Development Centre. All Right ReservedE-mailmplrdc@help.edu.my 

Powered by Koha